Caricamento...
Marxism and morality /
It is reported that the moment anyone talked to Marx about morality, he would roar with laughter. Yet, plainly, he was fired by outrage and a burning desire for a better world. This paradox is the starting point for Marxism and Morality. Discussing the positions taken by Marx, Engels, and their desc...
| Autore principale: | |
|---|---|
| Natura: | Printed Book |
| Lingua: | English |
| Pubblicazione: |
Oxford [Oxfordshire] : New York :
Clarendon Press ; Oxford University Press,
1985.
|
| Serie: | Marxist introductions.
|
| Soggetti: |
| LEADER | 01664cam a2200241 a 4500 | ||
|---|---|---|---|
| 008 | 850731s1985 enk b 001 0 eng | ||
| 082 | 0 | |a 335.4 |2 19 | |
| 100 | 1 | |a Lukes, Steven. | |
| 245 | 1 | 0 | |a Marxism and morality / |c Steven Lukes. |
| 260 | |a Oxford [Oxfordshire] : |b Clarendon Press ; |a New York : |b Oxford University Press, |c 1985. | ||
| 300 | |a xiii, 163 p. ; |c 23 cm. | ||
| 490 | 1 | |a Marxist introductions | |
| 500 | |a Includes index. | ||
| 504 | |a Bibliography: p. [150]-159. | ||
| 520 | |a It is reported that the moment anyone talked to Marx about morality, he would roar with laughter. Yet, plainly, he was fired by outrage and a burning desire for a better world. This paradox is the starting point for Marxism and Morality. Discussing the positions taken by Marx, Engels, and their descendents in relation to certain moral issues, Steven Lukes addresses the questions on which Marxist thinkers and actors have taken a number of characteristic stands as well as other questions--personal relations and the moral virtues of the individual, for example--on which Marxism falls silent. A provocative exploration of the gray area where Marxism and morality meet, this book argues that Marxism makes a number of major moral claims and that its appeal has always been, in large part, a moral one. | ||
| 600 | 1 | 0 | |a Engels, Friedrich, |d 1820-1895 |x Ethics. |
| 600 | 1 | 0 | |a Marx, Karl, |d 1818-1883 |x Ethics. |
| 650 | 0 | |a Communist ethics |x History. | |
| 830 | 0 | |a Marxist introductions. | |
| 900 | |a AUTH | ||
| 942 | |c BK | ||
| 999 | |c 277491 |d 277491 | ||
| 952 | |0 0 |1 0 |2 ddc |4 0 |6 335_400000000000000_LUK_M |7 0 |9 312093 |a PHL |b PHL |c ST1 |d 2016-03-22 |i 2703 |l 0 |o 335.4 LUK/M |p PHL2703 |r 2016-03-22 |y BK | ||